000 00579nam a2200181 a 4500
005 20140412111252.0
008 000816s19uu xx 00 eng d
020 _a0-14-055862-4
050 _aTR(PS E
_bHo83 1994
100 _aCarlson, Nancy L.
245 _aHow to lose all your friends /
_cby Nancy L. Carlson.
260 _aNew York :
_bPuffin Books,
_c1994.
300 _a1 v. (unp.) ; ill.
520 _aOffers advice on the kinds of things to do if you don't want to have any friends.
650 _aBehavior-Fiction
650 _aFriendship-Fiction
999 _c103179
_d103179